000 00744nam a22002057a 4500
999 _c8276
_d8276
008 201104b ||||| |||| 00| 0 eng d
040 _aBMS College of Architecture
100 _aRevankar, Aishwarya M
245 _aDesign strategies and guidelines for children friendly neighborhood-A case of Horamavau, Bengalore
300 _aiv, 42p.
502 _8M.Arch (Habitat Design)
_aDissertation
_d2019
_NBMS College of Architecture, Visvesvaraya Technological University (VTU)
650 _aDissertations
650 _aDesign strategies
650 _aChildren friendly neighborhood
700 _aMamtha P Raj
_eGuide
700 _aRachana DR
_eGuide
700 _aPooja S
_eGuide
700 _aSadashiv Chakravarthy
_eGuide
942 _2ddc
_cTHE